| 000 | 00619nam a22000977a 4500 | ||
|---|---|---|---|
| 999 |
_c3048 _d3048 |
||
| 008 | 200208b ||||| |||| 00| 0 eng d | ||
| 100 | _aSpeeckaert, A. | ||
| 245 | _aRussische Postcensuur 1914-1918 : Stempelstudie | ||
| 260 |
_aSt. Niklass, [Belgium] _bKon. Postzegelvereniging van het Land van Waas _c1986 |
||
| 650 | _aRussia (-1917) | Germany -- Occupation of Russia | Union of Soviet Socialist Republics (1917-1991) | World War I, 1914-1918 | Censored Mail | Military Mail | Military Censorship | Prisoner-of-War and Internee Mail | Postal Markings | Postal History | Post Offices | Bibliographies | Russian Related | Finland | ||